000
00391nam a22001577a 4500
003
MPLRDC
005
20220104123927.0
008
210129b ||||| |||| 00| 0 eng d
082
_a
411.57 DYL
100
_a
杜友兰
245
_a
儿童意外灾害的预防
_c
260
_a
_b
大成医学保健丛书出版
_c
300
_b
平
650
_a
青少年教育
942
_c
BK
_o
411.57 DYL
999
_c
15286
_d
15276